|
|
|
|
| LEADER |
00000nbm2a2200000 4500 |
| 001 |
118387 |
| 005 |
20231031124116.0 |
| 029 |
0 |
0 |
|a SU
|b 5837816
|f ТПУ
|
| 035 |
|
|
|a (RuTPU)RU\TPU\book\128107
|
| 090 |
|
|
|a 118387
|
| 100 |
|
|
|a 20070609d1979 k y0rusy50 ca
|
| 101 |
0 |
|
|a rus
|
| 102 |
|
|
|a RU
|
| 105 |
|
|
|a a p 001zy
|
| 200 |
0 |
|
|a Ч. 2: Влияние газовой среды на образование золовых загрязнителей при сжигании Канско-Ачинских углей
|e промежуточный отчет по НИР
|
| 210 |
|
|
|d 1979
|
| 215 |
|
|
|a 161 л.
|
| 229 |
|
|
|a Тема 6-35/76
|
| 320 |
|
|
|a Библиогр.: с.137-144(167 назв.)
|
| 461 |
|
1 |
|0 (RuTPU)RU\TPU\book\139899
|t Исследование особенностей поведения минеральной части угля при сжигании в топках парогенераторов
|o промежуточный отчет
|f Томский политехнический институт ; исполн. исслед. С. А. Михайленко ; науч. рук. И. К. Лебедев
|v Ч. 2: Влияние газовой среды на образование золовых загрязнителей при сжигании Канско-Ачинских углей
|d 1979
|
| 610 |
1 |
|
|a отчеты о НИР
|
| 610 |
1 |
|
|a уголь
|
| 610 |
1 |
|
|a сжигание
|
| 610 |
1 |
|
|a топки
|
| 610 |
1 |
|
|a парогенераторы
|
| 610 |
1 |
|
|a парогенераторы
|
| 610 |
1 |
|
|a газовая среда
|
| 610 |
1 |
|
|a золовые отложения
|
| 610 |
1 |
|
|a загрязнения
|
| 610 |
1 |
|
|a Канско-Ачинский угольный бассейн
|
| 675 |
|
|
|a 621.182.3(04)
|v 3
|
| 801 |
|
1 |
|a RU
|b 63413507
|c 20070609
|g PSBO
|
| 801 |
|
2 |
|a RU
|b 63413507
|c 20080122
|g PSBO
|
| 942 |
|
|
|c BK
|